Les gauches européennes : Au XXe siècle (notice n° 2198575)

détails MARC
000 -LEADER
fixed length control field 01517cam a2200133 4500500
005 - DATE AND TIME OF LATEST TRANSACTION
control field 20260405085550.0
041 ## - LANGUAGE CODE
Language code of text/sound track or separate title fre
042 ## - AUTHENTICATION CODE
Authentication code dc
100 10 - MAIN ENTRY--PERSONAL NAME
Personal name Conord, Fabien
Relator term author
245 00 - TITLE STATEMENT
Title Les gauches européennes : Au XXe siècle
260 ## - PUBLICATION, DISTRIBUTION, ETC.
Name of publisher, distributor, etc. Armand Colin,<br/>
Date of publication, distribution, etc. 2012.<br/>
520 ## - SUMMARY, ETC.
Summary, etc. Les gauches européennes, composante importante et multiforme du paysage politique, n’ont pas fait l’objet d’une histoire croisée à l’échelle du XXe siècle. Cet ouvrage, qui s’inscrit dans une perspective résolument comparée, restitue les principales phases de l’histoire des gauches tout au long d’un siècle marqué par deux guerres mondiales, la décolonisation et l’émergence puis l’effondrement du système communiste en Europe. À l’heure de l’Union européenne à 27, il constitue une synthèse véritablement européenne, intégrant pays nordiques et pays d’Europe centrale et orientale. L’auteur accorde toute leur place aux différentes familles politique de gauche – extrêmes gauches, communistes, socialistes mais aussi écologistes et gauches libérales (radicalisme français, italien ou danois, républicains italiens, libéraux belges…). Afin de mesurer ce qui rapproche et divise ces forces politiques, la démarche associe l’étude des partis à l’évolution des idées et à l’examen des politiques publiques pratiquées par les gauches au pouvoir.
856 41 - ELECTRONIC LOCATION AND ACCESS
Uniform Resource Identifier <a href="https://shs.cairn.info/les-gauches-europeennes--9782200272753?lang=fr&redirect-ssocas=7080">https://shs.cairn.info/les-gauches-europeennes--9782200272753?lang=fr&redirect-ssocas=7080</a>

Pas d'exemplaire disponible.

PLUDOC

PLUDOC est la plateforme unique et centralisée de gestion des bibliothèques physiques et numériques de Guinée administré par le CEDUST. Elle est la plus grande base de données de ressources documentaires pour les Étudiants, Enseignants chercheurs et Chercheurs de Guinée.

Adresse

627 919 101/664 919 101

25 boulevard du commerce
Kaloum, Conakry, Guinée

Réseaux sociaux

Powered by Netsen Group @ 2025